[Event "Slovenian chT 2019"]
[Site "Slovenia"]
[Date "2019.11.22"]
[Round "4"]
[White "Lenic, Luka"]
[Black "Bratkovic, Jakob"]
[Result "1-0"]
[WhiteElo "2633"]
[BlackElo "2308"]
[Annotator "TA"]
[PlyCount "63"]
[EventDate "2019.??.??"]
[EventCountry "SLO"]
[SourceTitle "playchess.com"]
[Source "ChessBase"]
[SourceQuality "1"]

{[%evp 19,62,25,27,28,135,60,67,42,43,45,54,43,50,45,41,27,41,52,58,38,78,74,89,84,119,110,112,35,136,133,147,144,143,140,131,146,785,253,567,572,871,854,779,835,29999]} 1. Nf3 Nf6 2. g3 d5 3. Bg2 e6 4. O-O Be7 5. c4 O-O 6. b3 c5 7. cxd5 exd5 8. d4 b6 9. Nc3 Bb7 10. Bb2 Na6 11. dxc5 {E17: Queen's Indian: 4 g3 Bb7 5 Bg2 Be7} (11. Rc1 Re8 12. e3 Bf8 13. Re1 Nc7 14. Re2 Qe7 15. dxc5 bxc5 16. Na4 Ne6 17. Rec2 Rac8 18. Ba3 Nd7 19. Nh4 Qd6 {1-0 (65) Ding,L (2766)-Ponomariov,R (2712) Huaian 2016}) 11... Nc7 (11... Nxc5 $11 12. Rc1 Rc8) 12. Rc1 (12. cxb6 $16 axb6 13. Nd4) 12... Bxc5 $14 13. Na4 {White is slightly better.} Bd6 $146 ({Predecessor:} 13... Be7 14. Nd4 Ne6 15. Nf5 Ne4 16. Nxe7+ Qxe7 17. Nc3 Rfd8 18. Nb5 Ba6 19. Nd4 Nxd4 20. Qxd4 {1-0 (38) Marjanovic,A (2343)-Dobrin,I (2142) Arad 2019}) 14. Nd4 Qd7 15. Qc2 Rac8 16. Nf5 Ne4 17. Bh3 $36 {[%mdl 2048] White has the initiative.} Ne6 18. Qd3 {Strongly threatening Nxg7!} Rxc1 19. Rxc1 {Nxg7! is the strong threat.} Qd8 20. Bg2 {Threatens to win with Bxe4.} Bb8 21. h4 Re8 22. Rd1 Qc8 {[#] and if ...Nf4 works, Black does fine.} 23. Qf3 (23. Nc3 $1 $16) 23... Qc2 (23... Nd6 $14) 24. Ne3 $1 $16 {[%csl LRc2,LRd5][%mdl 64] Double Attack} Qc8 {White should prevent ...d4!} 25. Nxd5 Nc7 26. Ndc3 {[%cal Rc3e4]} Nc5 27. Qh5 N5e6 $2 {[%mdl 8192]} (27... Bxg2 $16 28. Kxg2 Nxa4 29. Nxa4 (29. bxa4 h6 $16) 29... h6) 28. Ne4 $2 (28. Bxb7 Qxb7 {[#]} 29. Rd7 $1 {[%mdl 512]}) 28... Nf4 $2 {[#]} (28... Bxe4 {is more resistant.} 29. Bxe4 h6) 29. Qg5 $1 $18 {[%csl Gb2][%cal Rg5g7]} Nce6 30. Nf6+ {[%mdl 64] Double Attack} Kh8 31. Qf5 {[%csl Gf6][%cal Rf5h7]} Nxg2 32. Qxh7# {Accuracy: White = 60%, Black = 41%.} 1-0

[Event "Slovenian chT 2019"]
[Site "Slovenia"]
[Date "2019.11.22"]
[Round "4"]
[White "Pavasovic, Dusko"]
[Black "Mohr, Georg"]
[Result "1/2-1/2"]
[WhiteElo "2546"]
[BlackElo "2437"]
[Annotator "RC"]
[PlyCount "31"]
[EventDate "2019.??.??"]
[EventCountry "SLO"]
[SourceTitle "playchess.com"]
[Source "ChessBase"]
[SourceQuality "1"]
[TimeControl "40/5400+30:1800+30"]

1. e4 e6 2. d4 d5 3. Nd2 Nf6 4. e5 Nfd7 5. Bd3 c5 6. c3 Nc6 7. Ngf3 Qb6 8. O-O cxd4 9. cxd4 Nxd4 10. Nxd4 Qxd4 11. Nf3 Qb6 12. Qa4 Qb4 13. Qc2 Qc5 14. Qa4 Qb4 15. Qc2 Qc5 16. Qa4 1/2-1/2

[Event "Slovenian chT 2019"]
[Site "Slovenia"]
[Date "2019.11.22"]
[Round "4"]
[White "Mikhalchishin, Adrian"]
[Black "Sebenik, Matej"]
[Result "1/2-1/2"]
[WhiteElo "2467"]
[BlackElo "2512"]
[Annotator "ChessBase"]
[PlyCount "36"]
[EventDate "2019.??.??"]
[EventCountry "SLO"]
[SourceTitle "playchess.com"]
[Source "ChessBase"]
[SourceQuality "1"]
[TimeControl "40/5400+30:1800+30"]

1. d4 Nf6 2. c4 c5 3. d5 b5 4. cxb5 a6 5. b6 e6 6. Nc3 exd5 7. Nxd5 Nxd5 8. Qxd5 Nc6 9. Bg5 Qxb6 10. Qe4+ Be7 11. Bxe7 Nxe7 12. Qxa8 Qxb2 13. Rd1 Qb4+ 14. Rd2 Qb1+ 15. Rd1 Qb4+ 16. Rd2 Qb1+ 17. Rd1 Qb4+ 18. Rd2 Qb1+ 1/2-1/2

[Event "Slovenian chT 2019"]
[Site "Slovenia"]
[Date "2019.11.22"]
[Round "4"]
[White "Kovacevic, Blazimir"]
[Black "Aczel, Gergely"]
[Result "1-0"]
[WhiteElo "2453"]
[BlackElo "2515"]
[Annotator "TA"]
[PlyCount "117"]
[EventDate "2019.??.??"]
[EventCountry "SLO"]
[SourceTitle "playchess.com"]
[Source "ChessBase"]
[SourceQuality "1"]

{[%evp 9,117,12,5,8,15,9,8,8,0,-22,-18,-35,-51,-52,-46,-52,-30,-50,-50,-51,-41,-40,-52,-48,-49,-58,-17,-23,-13,-13,0,0,0,0,0,0,0,0,0,0,0,0,0,0,0,0,0,0,0,0,10,10,12832,12832,12830,12822,12839,12839,12839,12840,12840,12838,12839,12840,12840,12839,12839,12839,12840,12840,12841,0,12842,238,231,231,290,230,224,290,413,420,290,410,415,400,431,416,423,416,12841,12841,12851,12851,12851,12851,12851,12851,12851,12851,12851,12851,12851,12851,12851,12851,12851,12851,12851,12851]} 1. c4 c5 2. g3 Nc6 3. Bg2 g6 4. e3 Bg7 5. Ne2 e6 6. d4 {A30: Symmetrical English: Double Fianchetto and Hedgehog} cxd4 7. Nxd4 (7. exd4 d5 8. cxd5 exd5 9. Nbc3 Nge7 10. O-O O-O 11. Be3 Bg4 12. Qd2 Bxe2 13. Nxe2 Nf5 14. Bh3 Nxe3 15. fxe3 Qd6 16. Nf4 Bh6 17. Rac1 Rae8 18. Rc5 Bxf4 19. Rxf4 {½-½ (51) Nakamura,H (2780)-Topalov,V (2749) Saint Louis 2017}) 7... Nge7 8. Nxc6 {The position is equal.} bxc6 9. Nc3 $146 ({Predecessor:} 9. O-O O-O 10. Qc2 Ba6 11. Nd2 Rb8 {1-0 (36) Kosten,A (2533)-Horvath,T (2378) Austria 2002}) 9... d5 10. Qc2 O-O 11. O-O Ba6 12. b3 dxc4 13. Rd1 Nd5 14. Bb2 Qa5 {[%cal Rd5c3]} 15. Nxd5 $1 cxd5 16. Bxg7 Kxg7 17. e4 {[%cal Re4d5]} Rfd8 (17... Rad8 $5 {[%cal Rc4c3]} 18. exd5 exd5 $17) 18. exd5 exd5 19. Qe2 {And now Qe5+ would win.} Qc3 20. Rac1 Qf6 {aiming for ...cxb3.} 21. bxc4 Bxc4 22. Rxc4 dxc4 23. Bxa8 Rxa8 24. Qxc4 $11 {[%mdl 4096] Endgame KQR-KQR} Rb8 25. Qd4 Rb6 26. a4 g5 27. h4 h6 28. hxg5 hxg5 29. Qc5 a6 30. Rd5 Kg6 $2 {[%mdl 8192] [#]} (30... Qa1+ $11 31. Kg2 Qxa4 32. Rxg5+ Rg6) 31. Rxg5+ $1 $18 {[%mdl 512]} Kh6 (31... Qxg5 32. Qxb6+) 32. Rf5 Qa1+ {[#]} 33. Kg2 $1 Rf6 34. Rh5+ Kg7 35. Rg5+ Kh7 36. Rg4 {Intending Qh5+ and mate.} Qa2 37. Rh4+ Rh6 38. Qf5+ Kg7 39. Qe5+ Kh7 40. Qf5+ Kg7 41. Rxh6 $2 (41. Qg5+ Rg6 42. Qe5+ f6 43. Qe7+ Qf7 44. Rh7+ $1 {[%mdl 576] Skewer, Deflection} Kxh7 45. Qxf7+ Kh6 46. f4) 41... Kxh6 {KQ-KQ} 42. Qf6+ Kh7 43. Qxa6 Qd5+ 44. f3 Qd2+ 45. Kh3 $1 Qd7+ {[#]} 46. g4 $1 Qd1 47. Qc6 Kg7 48. Qc3+ Kg6 {[#]} 49. a5 $1 f5 (49... Qg1 $142 50. Qd3+ Kg7) 50. gxf5+ {White is clearly winning.} Kxf5 51. Qe3 Qa1 52. Qe4+ Kf6 53. Qd5 Qf1+ 54. Kg3 Qe1+ 55. Kg2 Qe2+ 56. Kh3 Qf1+ 57. Kg4 Qg1+ 58. Kh4 Qh2+ 59. Kg4 {Accuracy: White = 69%, Black = 69%.} 1-0

[Event "Slovenian chT 2019"]
[Site "Slovenia"]
[Date "2019.11.22"]
[Round "4"]
[White "Janzelj, Tim"]
[Black "Drnovsek, Gal"]
[Result "1-0"]
[WhiteElo "2448"]
[BlackElo "2394"]
[Annotator "ChessBase"]
[PlyCount "69"]
[EventDate "2019.??.??"]
[EventCountry "SLO"]
[SourceTitle "playchess.com"]
[Source "ChessBase"]
[SourceQuality "1"]
[TimeControl "40/5400+30:1800+30"]

1. e4 c5 2. Nc3 d6 3. d4 cxd4 4. Qxd4 Nc6 5. Qd2 g6 6. b3 Bg7 7. Bb2 Nf6 8. O-O-O O-O 9. f3 a6 10. Kb1 b5 11. Nd5 Nxd5 12. Bxg7 Kxg7 13. exd5 Ne5 14. f4 Nd7 15. g4 Nc5 16. f5 gxf5 17. b4 Ne4 18. Qd4+ Kg8 19. gxf5 Nf6 20. Nf3 Bxf5 21. Bd3 Bg6 22. Ng5 a5 23. h4 axb4 24. h5 Bxd3 25. Rxd3 Qa5 26. a3 bxa3 27. Ne4 Rfc8 28. Nxf6+ exf6 29. Rg1+ Kf8 30. Qxf6 Qb4+ 31. Rb3 Qc5 32. Qg7+ Ke7 33. Re1+ Kd8 34. Qf6+ Kc7 35. Rc3 1-0

[Event "Slovenian chT 2019"]
[Site "Slovenia"]
[Date "2019.11.22"]
[Round "4"]
[White "Markoja, Boris"]
[Black "Markus, Robert"]
[Result "1/2-1/2"]
[WhiteElo "2445"]
[BlackElo "2602"]
[Annotator "ChessBase"]
[PlyCount "61"]
[EventDate "2019.??.??"]
[EventCountry "SLO"]
[SourceTitle "playchess.com"]
[Source "ChessBase"]
[SourceQuality "1"]
[TimeControl "40/5400+30:1800+30"]

1. d4 Nf6 2. c4 e6 3. g3 d5 4. Nf3 Be7 5. Bg2 O-O 6. O-O dxc4 7. Qc2 a6 8. a4 Bd7 9. Qxc4 Bc6 10. Bg5 Bd5 11. Qd3 Be4 12. Qd1 h6 13. Bxf6 Bxf6 14. Nc3 Bxf3 15. Bxf3 c6 16. e3 a5 17. Qe2 Nd7 18. Rfd1 Qb6 19. Rac1 Rfd8 20. Ne4 Be7 21. Nc3 Nf6 22. Ne4 Qa6 23. Nxf6+ Bxf6 24. b3 Qxe2 25. Bxe2 Be7 26. Bf3 Ba3 27. Ra1 Bd6 28. Rac1 Ba3 29. Ra1 Bd6 30. Rac1 Kf8 31. Kf1 1/2-1/2

[Event "Slovenian chT 2019"]
[Site "Slovenia"]
[Date "2019.11.22"]
[Round "4"]
[White "Tratar, Marko"]
[Black "Zirkelbach, Maj"]
[Result "1-0"]
[WhiteElo "2443"]
[BlackElo "2221"]
[Annotator "ChessBase"]
[PlyCount "83"]
[EventDate "2019.??.??"]
[EventCountry "SLO"]
[SourceTitle "playchess.com"]
[Source "ChessBase"]
[SourceQuality "1"]
[TimeControl "40/5400+30:1800+30"]

1. c4 Nf6 2. Nc3 e5 3. Nf3 Nc6 4. e4 Bc5 5. Nxe5 Nxe5 6. d4 Bb4 7. dxe5 Nxe4 8. Qf3 d5 9. Be2 d4 10. Qxe4 dxc3 11. O-O O-O 12. a3 cxb2 13. Bxb2 Bc5 14. Rfd1 Qe7 15. h4 f5 16. Qf4 Be6 17. Rd3 Rad8 18. Rad1 Rxd3 19. Rxd3 Rd8 20. Rxd8+ Qxd8 21. g3 c6 22. Kg2 Qb6 23. Bc1 Qb1 24. Be3 Bxa3 25. Bxa7 b5 26. cxb5 cxb5 27. Qd4 Qb3 28. Bf3 Qc4 29. Qd8+ Bf8 30. Bb8 Qc8 31. Qxc8 Bxc8 32. Bd5+ Kh8 33. Bd6 Bxd6 34. exd6 Bd7 35. h5 h6 36. Kf3 Kh7 37. Bf7 g5 38. hxg6+ Kg7 39. Ke3 Kf6 40. f4 b4 41. Kd4 b3 42. Bxb3 1-0

[Event "Slovenian chT 2019"]
[Site "Slovenia"]
[Date "2019.11.22"]
[Round "4"]
[White "Antal, Tibor Kende"]
[Black "Muha, Miljenko"]
[Result "0-1"]
[WhiteElo "2424"]
[BlackElo "2313"]
[Annotator "TA"]
[PlyCount "62"]
[EventDate "2019.??.??"]
[EventCountry "SLO"]
[SourceTitle "playchess.com"]
[Source "ChessBase"]
[SourceQuality "1"]

{[%evp 15,62,4,17,0,24,10,10,10,10,10,15,14,18,14,13,0,0,0,0,0,88,79,89,79,89,83,93,93,87,93,100,87,104,93,114,93,91,74,93,82,79,0,89,86,101,70,88,80,76]} 1. e4 e6 2. d4 d5 3. Nc3 Bb4 4. e5 c5 5. a3 Bxc3+ 6. bxc3 Qa5 7. Bd2 Qa4 8. Qg4 Kf8 9. Qd1 {C18: French: 3 Nc3 Bb4: Main line: 7 h4 and 7 Qg4} (9. h4 Nc6 10. Nf3 Nge7 11. h5 h6 12. Be2 b6 13. O-O cxd4 14. cxd4 Ba6 15. Bxa6 Qxa6 16. Nh4 Qc4 {1-0 (91) Motylev,A (2651)-Savchenko,B (2581) Moscow 2019}) 9... Ne7 10. Qb1 Nbc6 11. Nf3 {The position is equal.} c4 12. Be2 Ke8 $146 ({Predecessor:} 12... h6 13. Nh4 b6 14. O-O Ng6 15. Nxg6+ fxg6 16. f4 Bd7 {½-½ (33) Conde Poderoso,A (2157)-Vecek,M (2189) ICCF email 2015}) 13. h4 h6 14. h5 Kd8 15. g4 Kc7 16. g5 Nf5 17. Nh4 hxg5 (17... Nxh4 $11 {remains equal.} 18. Rxh4 hxg5 19. Bxg5 Bd7) 18. Nxf5 $16 exf5 19. Bxg5 Be6 20. Kd2 Qa5 21. Rh4 Rae8 22. a4 Kb8 23. Bf3 Ka8 24. Qb2 Rb8 25. Qa3 Rhc8 26. Qd6 a6 27. Ra3 Rc7 28. Ra1 Rcc8 $1 29. Qa3 Rc7 30. Be3 Rg8 31. Rg1 {[#] Hoping for Rxg7!} Rcc8 {[%mdl 32768] Accuracy: White = 68%, Black = 49%. . Loss on time!?} 0-1

[Event "Slovenian chT 2019"]
[Site "Slovenia"]
[Date "2019.11.22"]
[Round "4"]
[White "Trussevich, Sergey"]
[Black "Marn, Jan"]
[Result "0-1"]
[WhiteElo "2423"]
[BlackElo "2217"]
[Annotator "TA"]
[PlyCount "102"]
[EventDate "2019.??.??"]
[EventCountry "SLO"]
[SourceTitle "playchess.com"]
[Source "ChessBase"]
[SourceQuality "1"]

{[%evp 13,102,0,8,-2,2,-10,-16,-35,-16,-36,-17,-12,-2,-14,-10,-9,0,0,0,0,0,2,18,0,8,2,13,10,0,0,6,0,0,0,25,-40,-56,-30,-42,-116,-114,-120,-123,-112,-96,-95,-101,-98,-87,-126,-122,-122,-124,-132,-131,-134,-120,-123,-124,-122,-108,-134,-68,-69,-83,-102,-76,-101,-101,-100,-99,-105,-96,-94,-89,-87,-43,-43,-42,-43,-43,-43,-43,-43,-43,-44,-41,-51,-43,-44,-43]} 1. Nf3 d5 2. b3 Nf6 3. Bb2 e6 4. e3 Be7 5. Be2 O-O 6. O-O b6 7. c4 Bb7 8. a3 {A13: English Opening: 1...e6} (8. cxd5 exd5 9. Nc3 Nbd7 10. Re1 a6 11. Bf1 Re8 12. Ne2 c5 13. Ng3 Rc8 14. Rc1 Bf8 15. d4 Ne4 16. dxc5 Nxg3 {½-½ (35) Laznicka,V (2647)-Bacrot,E (2725) Riadh 2017}) 8... c5 9. cxd5 Nxd5 10. d3 {The position is equal.} Bf6 11. Ra2 Nd7 $146 ({Predecessor:} 11... Nc6 12. Qc1 Bxb2 13. Rxb2 Qf6 14. Rc2 {1-0 (50) Rambaldi,F (2385)-Litvinov,M (2144) Al Ain 2013}) 12. Qc2 a5 13. Nbd2 a4 14. Bxf6 N7xf6 (14... Qxf6 {keeps more tension.} 15. Rc1 axb3 16. Qxb3 e5 17. Ne4 Qg6) 15. Rc1 axb3 16. Qxb3 Bc6 17. Qb2 Ba4 18. Bf1 Rc8 19. g3 b5 20. Nb1 Qa5 21. Ne5 Rfd8 22. e4 Nb6 23. Nc3 c4 (23... Nbd7 {with more complications.} 24. Nxd7 Nxd7 25. Raa1 h6 26. Rab1 Ra8) 24. dxc4 ({White should try} 24. Qb4 $11 Qxb4 25. axb4) 24... bxc4 $15 {[#] ...Bb3 is the strong threat.} 25. Qb4 $1 {[%cal Rb4a5]} Qxe5 26. Nxa4 (26. Qxb6 $15 Bb3 27. f4) 26... Nxa4 $17 27. Qxa4 c3 ({Much worse is} 27... Nxe4 $6 28. Rxc4 Nf6 29. Rxc8 $11) 28. Bg2 h6 29. Rac2 Rd4 30. Qa6 Rdc4 (30... Rc5 {is more complex.} 31. Qe2 Ra4 32. Qd3 Rxa3 33. Qd8+ Kh7) 31. Qa7 R4c7 32. Qb6 Nd7 ({And not} 32... Nxe4 33. Qe3 $14) 33. Qe3 {[#]} Qa5 $1 34. a4 Nb6 {[%cal Bd7b6,Bb6a4,Ba4b2][%mdl 32]} 35. Bf1 Nxa4 36. Qd4 Nb2 37. h3 Qc5 ({Better is} 37... Rc6 $17 38. e5 Rc5) 38. Qxc5 $15 Rxc5 39. f4 Kf8 40. Kf2 Ra8 41. Be2 Ra3 42. Ke3 Rc7 43. Kd4 {[%cal Rc2c3]} f6 44. e5 Rd7+ (44... fxe5+ {feels hotter.} 45. Kxe5 Rb3 46. Kd6 Rc8 47. Ra1 Kf7) 45. Ke3 {Black is slightly better.} fxe5 46. Rxc3 exf4+ (46... Rxc3+ {looks sharper.} 47. Rxc3 exf4+ 48. Kxf4 Ke7 49. g4 Rd5) 47. Kxf4 Rxc3 48. Rxc3 {KRB-KRN} Ke7 49. h4 Kf6 50. Ke4 Ra7 51. Rc6 Ra4+ {Accuracy: White = 55%, Black = 50%.} 0-1

[Event "Slovenian chT 2019"]
[Site "Slovenia"]
[Date "2019.11.22"]
[Round "4"]
[White "Sakelsek, Tadej"]
[Black "Unuk, Laura"]
[Result "1/2-1/2"]
[WhiteElo "2422"]
[BlackElo "2298"]
[Annotator "TA"]
[PlyCount "61"]
[EventDate "2019.??.??"]
[EventCountry "SLO"]
[SourceTitle "playchess.com"]
[Source "ChessBase"]
[SourceQuality "1"]

{[%evp 21,61,6,17,13,28,27,28,26,45,13,22,14,21,8,33,0,0,0,11,0,19,0,0,0,0,0,4,0,0,0,0,0,0,0,0,0,0,0,0,0,0,-10]} 1. e4 e6 2. d4 d5 3. Nd2 c5 4. exd5 Qxd5 5. Ngf3 cxd4 6. Bc4 Qd6 7. Nb3 Nc6 8. O-O Nf6 9. Nbxd4 Nxd4 10. Qxd4 Qxd4 11. Nxd4 a6 12. Be2 {C07: French Tarrasch: 3...c5, 4 Ngf3 and 4 exd5 Qxd5} Bc5 (12... e5 13. Nb3 Be6 14. Rd1 Rc8 15. c3 Be7 16. Bf3 e4 17. Be2 O-O 18. Nd4 Bg4 19. Bxg4 Nxg4 {1-0 (51) Salem,A (2660)-Goganov,A (2612) St Petersburg 2018}) 13. Nb3 Bd6 14. Be3 {White has an edge.} (14. Bf3 {seems wilder.} O-O 15. Rd1 Bc7 16. Bg5 Rb8 17. c3) 14... Nd5 $146 ({Predecessor:} 14... Ke7 15. Bf3 Nd7 16. Rad1 Ne5 17. Be2 Nc6 18. Rd2 f6 19. Rfd1 Be5 {½-½ (43) Buchenau,F (2275)-Thorhallsson,T (2423) Reykjavik 2017}) 15. Bc5 (15. Bd4 {looks sharper.} O-O 16. Bf3 Bc7 17. Rad1 b5 18. Nc5) 15... Bxc5 16. Nxc5 b6 17. Nd3 Bb7 18. Bf3 {[#] aiming for c4.} Rb8 {The position is equal.} 19. Rad1 O-O 20. c4 Nf6 21. Bxb7 Rxb7 22. Ne5 Rc8 23. b3 Kf8 24. f3 Ke7 25. Rf2 Nd7 26. Nxd7 Rxd7 27. Rxd7+ Kxd7 28. Rd2+ Ke7 29. Kf2 h5 30. Ke3 g6 31. a4 {Accuracy: White = 44%, Black = 65%.} 1/2-1/2

[Event "Slovenian chT 2019"]
[Site "Slovenia"]
[Date "2019.11.22"]
[Round "4"]
[White "Podkriznik, Gregor"]
[Black "Rajkovic, Dusan"]
[Result "1/2-1/2"]
[WhiteElo "2408"]
[BlackElo "2258"]
[Annotator "RC"]
[PlyCount "69"]
[EventDate "2019.??.??"]
[EventCountry "SLO"]
[SourceTitle "playchess.com"]
[Source "ChessBase"]
[SourceQuality "1"]
[TimeControl "40/5400+30:1800+30"]

1. c4 Nf6 2. Nc3 e5 3. Nf3 d6 4. d4 Nbd7 5. e4 c6 6. Be2 Be7 7. O-O O-O 8. Re1 Re8 9. Rf1 a6 10. Rb1 Bf8 11. d5 c5 12. a3 a5 13. Bd3 g6 14. g3 Nh5 15. Kh1 Be7 16. Ng1 Bf8 17. Be3 Ng7 18. Qc2 Be7 19. f4 exf4 20. gxf4 Nf6 21. Rfe1 Kh8 22. Qg2 Rf8 23. Nf3 Bd7 24. Bd2 Nfh5 25. a4 b6 26. Re2 Qc8 27. Rbe1 Bh3 28. b3 Bg4 29. Qf2 Qd7 30. Nb5 Rab8 31. Rg1 Rbc8 32. Ree1 Rcd8 33. Bc1 Kg8 34. Bc2 Ra8 35. Rd1 1/2-1/2

[Event "Slovenian chT 2019"]
[Site "Slovenia"]
[Date "2019.11.22"]
[Round "4"]
[White "Stajner, Samo"]
[Black "Gjuran, Denis"]
[Result "0-1"]
[WhiteElo "2380"]
[BlackElo "2331"]
[Annotator "ChessBase"]
[PlyCount "94"]
[EventDate "2019.??.??"]
[EventCountry "SLO"]
[SourceTitle "playchess.com"]
[Source "ChessBase"]
[SourceQuality "1"]
[TimeControl "40/5400+30:1800+30"]

1. b3 d5 2. f4 Nf6 3. Bb2 Bf5 4. e3 e6 5. Nf3 Be7 6. Be2 h6 7. O-O O-O 8. Ne5 Nfd7 9. Bd3 Bxd3 10. Nxd3 Nc6 11. f5 e5 12. Nc3 Nf6 13. Ne2 Bd6 14. Ng3 e4 15. Nf4 Ne5 16. Qe2 c6 17. a4 Kh7 18. a5 a6 19. Ra4 Nfg4 20. h3 Nf6 21. d3 exd3 22. cxd3 Re8 23. Ngh5 Ned7 24. Rf3 Be5 25. Bxe5 Rxe5 26. Rg3 Ne8 27. d4 Re4 28. Rb4 Rb8 29. Qg4 Qg5 30. Kf2 Qxg4 31. hxg4 g6 32. g5 hxg5 33. Rxg5 gxh5 34. Rxh5+ Kg8 35. Ra4 Ng7 36. Rg5 f6 37. Rg6 Kf7 38. g4 Rh8 39. Rb4 Rb8 40. Rh6 b5 41. axb6 Nxb6 42. Rh7 Kg8 43. Rh6 Ne8 44. g5 a5 45. Rxb6 Rxb6 46. gxf6 Rxf4+ 47. exf4 Kf7 0-1

[Event "Slovenian chT 2019"]
[Site "Slovenia"]
[Date "2019.11.22"]
[Round "4"]
[White "Dobrovoljc, Vid"]
[Black "Ruck, Robert"]
[Result "0-1"]
[WhiteElo "2370"]
[BlackElo "2526"]
[Annotator "ChessBase"]
[PlyCount "72"]
[EventDate "2019.??.??"]
[EventCountry "SLO"]
[SourceTitle "playchess.com"]
[Source "ChessBase"]
[SourceQuality "1"]
[TimeControl "40/5400+30:1800+30"]

1. e4 c6 2. Nf3 d5 3. Nc3 Bg4 4. h3 Bxf3 5. Qxf3 Nf6 6. d3 e6 7. a3 Bc5 8. g3 Nbd7 9. Bg2 O-O 10. O-O Qc7 11. Kh1 Rad8 12. Qe2 dxe4 13. dxe4 e5 14. f4 exf4 15. gxf4 Rfe8 16. e5 Bd4 17. Nd1 g6 18. Bf3 Nd5 19. c3 Bb6 20. b4 Ne7 21. Ne3 Bxe3 22. Bxe3 Nf5 23. Rg1 Nxe3 24. Qxe3 Nb6 25. Rad1 Rd7 26. Be4 Qd8 27. Rdf1 Nc4 28. Qxa7 Nd2 29. Re1 b6 30. Qa6 Nxe4 31. Rxe4 Rd3 32. Qc4 Rxh3+ 33. Kg2 Qh4 34. Qd4 Rh2+ 35. Kf3 Qh5+ 36. Kg3 Qh3# 0-1

[Event "Slovenian chT 2019"]
[Site "Slovenia"]
[Date "2019.11.22"]
[Round "4"]
[White "Ristic, Nenad"]
[Black "Tomazini, Aljosa"]
[Result "1/2-1/2"]
[WhiteElo "2336"]
[BlackElo "2388"]
[Annotator "ChessBase"]
[PlyCount "103"]
[EventDate "2019.??.??"]
[EventCountry "SLO"]
[SourceTitle "playchess.com"]
[Source "ChessBase"]
[SourceQuality "1"]
[TimeControl "40/5400+30:1800+30"]

1. Nc3 e5 2. Nf3 d6 3. d4 Nd7 4. e4 Ngf6 5. g4 g6 6. g5 Nh5 7. Be3 Bg7 8. Qd2 O-O 9. O-O-O c6 10. dxe5 dxe5 11. Qd6 Qe8 12. Bh3 Nb6 13. Bxc8 Qxc8 14. Bxb6 axb6 15. Qd7 Qb8 16. Qd6 Qa7 17. Rd2 b5 18. Rhd1 Rfe8 19. Qb4 Nf4 20. a3 Ne6 21. Nb1 Nc5 22. Re2 Bf8 23. Qc3 Qb8 24. h4 Ra4 25. Rde1 Rc4 26. Qe3 Rxe4 27. Qc3 Rxe2 28. Rxe2 e4 29. Nfd2 Qh2 30. Qe3 Qxh4 31. b4 Ne6 32. Nxe4 Be7 33. Nbd2 Kf8 34. Nf3 Qf4 35. Kb1 Qxe3 36. Rxe3 Rd8 37. Nf6 Rd1+ 38. Ka2 Nxg5 39. Nxg5 Bxf6 40. Nxh7+ Kg7 41. Kb3 g5 42. c4 bxc4+ 43. Kxc4 g4 44. Nxf6 Kxf6 45. Kc5 Rd2 46. Rg3 Kf5 47. f3 Rd5+ 48. Kb6 Rb5+ 49. Kc7 gxf3 50. Rxf3+ Ke6 51. Re3+ Kd5 52. Rf3 1/2-1/2

[Event "Slovenian chT 2019"]
[Site "Slovenia"]
[Date "2019.11.22"]
[Round "4"]
[White "Mazi, Leon"]
[Black "Jelen, Igor"]
[Result "1-0"]
[WhiteElo "2326"]
[BlackElo "2350"]
[Annotator "ChessBase"]
[PlyCount "55"]
[EventDate "2019.??.??"]
[EventCountry "SLO"]
[SourceTitle "playchess.com"]
[Source "ChessBase"]
[SourceQuality "1"]
[TimeControl "40/5400+30:1800+30"]

1. e4 c5 2. Nf3 Nc6 3. d4 cxd4 4. Nxd4 Nf6 5. Nc3 e5 6. Ndb5 d6 7. Bg5 a6 8. Na3 b5 9. Bxf6 gxf6 10. Nd5 f5 11. Bxb5 axb5 12. Nxb5 Ra4 13. Nbc7+ Kd7 14. O-O Qg5 15. c4 Rg8 16. g3 Ra7 17. Nb5 Rb7 18. a4 fxe4 19. a5 Rxb5 20. cxb5 Nd4 21. Nb6+ Kd8 22. Nxc8 Kxc8 23. a6 Kb8 24. b6 Bh6 25. Qa4 Qe7 26. Qc4 Qd7 27. Qd5 Nc6 28. b4 1-0

[Event "Slovenian chT 2019"]
[Site "Slovenia"]
[Date "2019.11.22"]
[Round "4"]
[White "Supancic, Darko"]
[Black "Zupancic, Jernej"]
[Result "1/2-1/2"]
[WhiteElo "2288"]
[BlackElo "2240"]
[Annotator "ChessBase"]
[PlyCount "60"]
[EventDate "2019.??.??"]
[EventCountry "SLO"]
[SourceTitle "playchess.com"]
[Source "ChessBase"]
[SourceQuality "1"]
[TimeControl "40/5400+30:1800+30"]

1. Nf3 Nf6 2. d4 e6 3. g3 b5 4. Bg2 Bb7 5. O-O Be7 6. c3 O-O 7. Nbd2 c5 8. Re1 d5 9. Ne5 Nc6 10. Ndf3 Rc8 11. Nxc6 Bxc6 12. Ne5 Ba8 13. Bg5 Re8 14. a3 Nd7 15. Nxd7 Qxd7 16. Bxe7 Qxe7 17. e3 a5 18. Qd2 c4 19. e4 dxe4 20. Bxe4 Bxe4 21. Rxe4 Red8 22. Re5 Rd5 23. Rxd5 exd5 24. Re1 Qd7 25. Qe3 Kf8 26. Kg2 Re8 27. Qxe8+ Qxe8 28. Rxe8+ Kxe8 29. Kf3 Ke7 30. Ke3 Ke6 1/2-1/2

[Event "Slovenian chT 2019"]
[Site "Slovenia"]
[Date "2019.11.22"]
[Round "4"]
[White "Vombek, Dani"]
[Black "Rifelj, Luka"]
[Result "1-0"]
[WhiteElo "2283"]
[BlackElo "1961"]
[Annotator "ChessBase"]
[PlyCount "49"]
[EventDate "2019.??.??"]
[EventCountry "SLO"]
[SourceTitle "playchess.com"]
[Source "ChessBase"]
[SourceQuality "1"]
[TimeControl "40/5400+30:1800+30"]

1. e4 c5 2. Nf3 d6 3. d4 cxd4 4. Nxd4 Nf6 5. Nc3 a6 6. g3 e5 7. Nb3 Be7 8. Bg2 O-O 9. O-O Nbd7 10. a4 b6 11. Re1 Bb7 12. Nd2 Rc8 13. Nf1 Rc4 14. Ne3 Rxc3 15. bxc3 Bxe4 16. Bxe4 Nxe4 17. Nd5 Nef6 18. Nxe7+ Qxe7 19. Ba3 Nc5 20. Bxc5 dxc5 21. Qe2 Re8 22. Qxa6 Qe6 23. Rab1 Nd5 24. Qc4 Qc8 25. Rbd1 1-0